The unified process construction phase : best practices for completing the unified process
Αποθηκεύτηκε σε:
| Άλλοι συγγραφείς: | , |
|---|---|
| Μορφή: | Βιβλίο |
| Γλώσσα: | English |
| Δημοσίευση: |
Lawrence, Kan. :
CMP Books,
c2000
|
| Σειρά: | R & D developer series
Masters collection (Lawrence, Kan.) |
| Θέματα: | |
| Ετικέτες: |
Προσθήκη ετικέτας
Δεν υπάρχουν, Καταχωρήστε ετικέτα πρώτοι!
|
MARC
| LEADER | 00000nam a2200000 i 4500 | ||
|---|---|---|---|
| 001 | 1/72553 | ||
| 008 | 080125s2000 eng d | ||
| 020 | |a 1-929629-01-X | ||
| 035 | |l 10094160 | ||
| 040 | |a GR-MY-UA |b gre |e aacr | ||
| 041 | 0 | |a eng | |
| 082 | 0 | |a 005.117 |2 (22) | |
| 245 | 1 | 4 | |a The unified process construction phase : |b best practices for completing the unified process / |c compiling editors: Scott W. Ambler and Larry L. Constantine |
| 260 | |a Lawrence, Kan. : |b CMP Books, |c c2000 | ||
| 300 | |a xvi, 295 σ.; |b εικ.; |c 24 εκ. | ||
| 490 | 1 | |a R & D developer series | |
| 490 | 1 | |a Masters collection / Software development | |
| 504 | |a Βιβλιογραφία: σ. 273-275. Ευρετήριο | ||
| 650 | 0 | 0 | |a Computer software |x Development. |
| 650 | 0 | 0 | |a Object-oriented methods (Computer science) |
| 700 | 1 | |a Ambler, Scott W. |d 1966- |4 edt | |
| 700 | 1 | |a Constantine, Larry L. |4 edt | |
| 830 | 0 | |a R & D developer series | |
| 830 | 0 | |a Masters collection (Lawrence, Kan.) | |
| 852 | |a INST |b SYROS |e 20080125 |h 005.117 UNI |p 005500006636 |q 005500006636 |t BK |y 0 | ||
| 901 | |a BIBL5-2008-1 | ||
| 909 | |a Ε |b 133444 | ||
| 922 | |a 5ΕΛΗ |b 200709 |c ΒΙΒΛΙΟΘΗΚΗ ΣΥΡΟΥ |d GLORYBOOK | ||
| 970 | |a ΚΑΓΙΑΒΑ |b ΕΙΡΗΝΗ |z 2008/01/25 | ||